000 00426nam a2200133Ia 4500
008 211119s9999||||xx |||||||||||||| ||und||
082 _a894.812 3
_bMUK-K
100 _aMukundan, M
245 0 _aKannadiyude Kazhcha
260 _bD c Books
_aKottayam
_c1995
300 _a94p
650 _a Literature & rhetoric
_vLiteratures of other languagesAltaic, Uralic, Hyperborean & Dravidian Malayalam
_xGeneral Stack
942 _cBOOK
999 _c118237
_d118237